[Event "BUL-ch (Women) 38th"]
[Site "Bulgaria"]
[Date "1989.??.??"]
[Round "7"]
[White "Aladjova, Katrin"]
[Black "Giurova, Marina"]
[Result "1/2-1/2"]
[WhiteElo "2130"]
[BlackElo "2100"]
[PlyCount "31"]
[EventDate "1989.06.??"]
[EventType "tourn"]
[EventRounds "13"]
[EventCountry "BUL"]
[SourceTitle "EXT 2009"]
[Source "ChessBase"]
[SourceDate "2008.11.26"]
[SourceVersion "1"]
[SourceVersionDate "2008.11.26"]
[SourceQuality "1"]

1. Nf3 c5 2. g3 b6 3. Bg2 Bb7 4. 0-0 Nf6 5. c4 g6 6. d4 cxd4 7. Qxd4 Bg7 8. Nc3 d6 9. b3 0-0 10. Bb2 Nbd7 11. Nd5 b5 12. Ne3 bxc4 13. Nxc4 d5 14. Na3 Qa5 15. Qd2 Qa6 16. Qb4 1/2-1/2

[Event "BUL-ch (Women) 38th"]
[Site "Bulgaria"]
[Date "1989.??.??"]
[Round "2"]
[White "Alexieva, Silvia"]
[Black "Giurova, Marina"]
[Result "0-1"]
[WhiteElo "2070"]
[BlackElo "2100"]
[PlyCount "52"]
[EventDate "1989.06.??"]
[EventType "tourn"]
[EventRounds "13"]
[EventCountry "BUL"]
[SourceTitle "EXT 2009"]
[Source "ChessBase"]
[SourceDate "2008.11.26"]
[SourceVersion "1"]
[SourceVersionDate "2008.11.26"]
[SourceQuality "1"]

1. e4 c5 2. c3 d6 3. d4 cxd4 4. cxd4 Nf6 5. Nc3 g6 6. Be2 Bg7 7. Be3 0-0 8. h4 h5 9. f3 Bd7 10. Nh3 Nc6 11. g4 Rc8 12. Nf2 e5 13. d5 Nd4 14. Bg5 Qa5 15. Rg1 Ba4 16. Qd2 Nc2+ 17. Kf1 Nxa1 18. Bxf6 Bxf6 19. gxh5 Kh7 20. Ng4 Bg7 21. hxg6+ fxg6 22. h5 gxh5 23. Nxe5 Bh6 24. Qd4 Nc2 25. Nf7 Nxd4 26. e5 Rxf7 0-1

[Event "BUL-ch (Women) 38th"]
[Site "Bulgaria"]
[Date "1989.??.??"]
[Round "6"]
[White "Giurova, Marina"]
[Black "Chilingirova, Pavlina"]
[Result "1-0"]
[WhiteElo "2100"]
[BlackElo "2265"]
[PlyCount "102"]
[EventDate "1989.06.??"]
[EventType "tourn"]
[EventRounds "13"]
[EventCountry "BUL"]
[SourceTitle "EXT 1999"]
[Source "ChessBase"]
[SourceDate "1998.11.16"]
[SourceVersion "1"]
[SourceVersionDate "1998.11.16"]
[SourceQuality "1"]

1. c4 Nf6 2. Nf3 g6 3. Nc3 d5 4. Qa4+ c6 5. cxd5 Nxd5 6. Qd4 f6 7. e4 Nb6 8. Qxd8+ Kxd8 9. d4 Be6 10. b3 N8d7 11. Be3 Bg4 12. Be2 e5 13. 0-0 Bb4 14. Rac1 exd4 15. Nxd4 Bxe2 16. Ndxe2 Ke7 17. Nb1 Rhe8 18. a3 Bd6 19. Rfd1 Bc7 20. Nbc3 Rac8 21. f4 Bd6 22. Nb1 a5 23. Kf2 a4 24. b4 Bc7 25. Nd4 Kf7 26. Kf3 Bd8 27. Nb5 Be7 28. Nd6+ Bxd6 29. Rxd6 Re6 30. Rd3 Re7 31. Nc3 Nc4 32. Nxa4 Nde5+ 33. fxe5 Nxe5+ 34. Ke2 Nxd3 35. Kxd3 Rd8+ 36. Ke2 Ra8 37. Nc3 Rxa3 38. Bc5 Rd7 39. Rd1 Rxd1 40. Nxd1 Ra2+ 41. Kf3 Ra6 42. Ne3 b6 43. Bd4 Ra4 44. Bc3 Ke6 45. Ke2 Ra2+ 46. Kd3 Rf2 47. Bd4 b5 48. Nd5 Rf1 49. Nxf6 h5 50. Nh7 Rb1 51. Ng5+ Kd7 1-0

[Event "BUL-ch (Women) 38th"]
[Site "Bulgaria"]
[Date "1989.??.??"]
[Round "5"]
[White "Giurova, Marina"]
[Black "Genova, Ruzka"]
[Result "0-1"]
[WhiteElo "2100"]
[BlackElo "2205"]
[PlyCount "78"]
[EventDate "1989.06.??"]
[EventType "tourn"]
[EventRounds "13"]
[EventCountry "BUL"]
[SourceTitle "EXT 1999"]
[Source "ChessBase"]
[SourceDate "1998.11.16"]
[SourceVersion "1"]
[SourceVersionDate "1998.11.16"]
[SourceQuality "1"]

1. e4 c5 2. Nf3 d6 3. d4 cxd4 4. Nxd4 Nf6 5. Nc3 e6 6. Be2 Be7 7. 0-0 a6 8. f4 0-0 9. Kh1 Qc7 10. a4 Nc6 11. Nb3 b6 12. Be3 Bb7 13. Bf3 Rab8 14. Qe1 Rfe8 15. Qf2 Nd7 16. Rad1 Ba8 17. Rd2 Na5 18. Nxa5 bxa5 19. Bd4 e5 20. fxe5 dxe5 21. Ba7 Rxb2 22. Nd5 Bxd5 23. exd5 Nf6 24. Be3 Bb4 25. c3 Rxd2 26. Bxd2 Bc5 27. Qg3 Bd6 28. Bh6 g6 29. Qh4 Nd7 30. Be2 Qb7 31. c4 Be7 32. Qf2 f6 33. Be3 Rc8 34. h4 f5 35. Bh6 Nf6 36. Qg3 Qb2 37. Bd3 Nh5 38. Qe1 e4 39. Be2 Qxe2 0-1

[Event "BUL-ch (Women) 38th"]
[Site "Bulgaria"]
[Date "1989.??.??"]
[Round "10"]
[White "Giurova, Marina"]
[Black "Kalmukova, Kirilka"]
[Result "1-0"]
[WhiteElo "2100"]
[BlackElo "2060"]
[PlyCount "69"]
[EventDate "1989.06.??"]
[EventType "tourn"]
[EventRounds "13"]
[EventCountry "BUL"]
[SourceTitle "EXT 2009"]
[Source "ChessBase"]
[SourceDate "2008.11.26"]
[SourceVersion "1"]
[SourceVersionDate "2008.11.26"]
[SourceQuality "1"]

1. e4 c6 2. Nc3 g6 3. d4 d5 4. h3 Bg7 5. Nf3 Nh6 6. Bf4 f6 7. exd5 cxd5 8. Nb5 Na6 9. c4 Nf7 10. cxd5 Qxd5 11. Nc3 Qe6+ 12. Be2 0-0 13. 0-0 Bd7 14. Re1 Qf5 15. Bg3 Nb4 16. a3 Nd5 17. Bd3 Qh5 18. Nxd5 Qxd5 19. Rxe7 Bc6 20. Re1 Ng5 21. Be2 Rfe8 22. Rc1 Kh8 23. h4 Ne4 24. Bc4 Qh5 25. d5 Rad8 26. Qc2 Nxg3 27. dxc6 Qc5 28. Rxe8+ Rxe8 29. Bd3 Ne2+ 30. Bxe2 Qxc6 31. Qxc6 bxc6 32. Ba6 f5 33. b3 Bb2 34. Rxc6 Bxa3 35. Rc8 1-0

[Event "BUL-ch (Women) 38th"]
[Site "Bulgaria"]
[Date "1989.??.??"]
[Round "1"]
[White "Giurova, Marina"]
[Black "Savova, Stefka"]
[Result "1-0"]
[WhiteElo "2100"]
[BlackElo "2250"]
[PlyCount "44"]
[EventDate "1989.06.??"]
[EventType "tourn"]
[EventRounds "13"]
[EventCountry "BUL"]
[SourceTitle "EXT 1999"]
[Source "ChessBase"]
[SourceDate "1998.11.16"]
[SourceVersion "1"]
[SourceVersionDate "1998.11.16"]
[SourceQuality "1"]

1. e4 c5 2. b3 Nc6 3. Nf3 d6 4. Bb2 e5 5. Nc3 a6 6. Bc4 Be7 7. 0-0 b5 8. Bd5 Bd7 9. a4 Rb8 10. axb5 axb5 11. Qe2 Nf6 12. Nxb5 Nxd5 13. exd5 Nb4 14. Na3 Nxd5 15. Nc4 0-0 16. Ra7 Nb4 17. d3 Bc6 18. Ne3 Re8 19. Rfa1 Bf8 20. Bc1 Ra8 21. Bd2 Rxa7 22. Rxa7 Nd5 1-0